Online Catalogue and eLibrary

Sexuality / (Record no. 341)

MARC details
000 -LEADER
fixed length control field 00770cam a2200253 a 4500
001 - CONTROL NUMBER
control field 4886775
005 - DATE AND TIME OF LATEST TRANSACTION
control field 20240208050542.0
008 - FIXED-LENGTH DATA ELEMENTS--GENERAL INFORMATION
fixed length control field 930104s1993 caua b 001 0 eng
020 ## - INTERNATIONAL STANDARD BOOK NUMBER
ISBN 0803942907
020 ## - INTERNATIONAL STANDARD BOOK NUMBER
ISBN 0803942915 (pbk.)
040 ## - CATALOGING SOURCE (பட்டியலாக்க மூலம்)
Original cataloging agency DLC
Transcribing agency DLC
Modifying agency DLC
082 00 - DDC Classification
Class No. 306.7
DDC Edition Number 20
Item Number - Author Mark SUS.
100 1# - MAIN ENTRY--PERSONAL NAME
Personal name Sprecher, Susan,
245 10 - TITLE STATEMENT
Title Sexuality /
Statement of responsibility, etc. Susan Sprecher, Kathleen McKinney.
260 ## - PUBLICATION, DISTRIBUTION, ETC.
Place of publication, distribution, etc. Newbury Park :
Name of publisher, distributor, etc. Sage Publications,
Date of publication, distribution, etc. 1993.
300 ## - PHYSICAL DESCRIPTION
Extent (e.g. Volumes, Pages etc.) xv, 184 p. :
650 #0 - SUBJECT ADDED ENTRY--TOPICAL TERM
Topical term or geographic name entry element Sex.
650 #0 - SUBJECT ADDED ENTRY--TOPICAL TERM
Topical term or geographic name entry element Sex (Psychology)
650 #0 - SUBJECT ADDED ENTRY--TOPICAL TERM
Topical term or geographic name entry element Interpersonal relations.
700 1# - ADDED ENTRY--PERSONAL NAME
Personal name McKinney, Kathleen.
Relator term (Role) Editor
856 42 - ELECTRONIC LOCATION AND ACCESS
Uniform Resource Identifier <a href="http://www.loc.gov/catdir/enhancements/fy0655/93006482-d.html">http://www.loc.gov/catdir/enhancements/fy0655/93006482-d.html</a>
856 41 - ELECTRONIC LOCATION AND ACCESS
Uniform Resource Identifier <a href="http://www.loc.gov/catdir/enhancements/fy0655/93006482-t.html">http://www.loc.gov/catdir/enhancements/fy0655/93006482-t.html</a>
942 ## - Koha item type (Biblio)
Koha item type Books in Stacks (Lending)
Holdings
Lost status Damaged status Collection code Home library Current library Date acquired Full call number Accession Number Item type
    Lending WERC Library WERC Library 02/08/2024 306.7 SUS. 3391 Books in Stacks (Lending)

© WERC Library